| 000 | 00365nam a2200121Ia 4500 | ||
|---|---|---|---|
| 008 | 231129s9999||||xx |||||||||||||| ||spa|| | ||
| 020 | _a958-28-1415-2 | ||
| 040 | _bspa | ||
| 082 | _aR 613.96 A786 | ||
| 245 | 0 | _aEl arte de la sexualidad y el amor | |
| 264 | _aPrinter Latinoamericana. Círculo de Lectores | ||
| 942 |
_2ddc _cBKS |
||
| 999 |
_c10276 _d10276 |
||